000 00923nam a2200253Ia 4500
003 OSt
005 20221005112312.0
006 a|||||r|||| 00| 0
007 ta
008 221004b |||||||| |||| 00| 0 pan d
020 _a9788178564111 (hbk)
_c200
024 _a14537
037 _b877, 18/08/2014, H.K. Prakashan
_cTextual
040 _aCRL
_cCRL
_bpan
041 _2pan
_apan
082 _aO153,1L53:g, Q4
100 _aਰੰਧਾਵਾ, ਪਵਨਪ੍ਰੀਤ
245 0 _aਹਾFਮ Fਾਹ
_b ਜੀਵਨ, ਵਿਚਾਰਧਾਰਾ ਅਤੇ ਦੋਹੜੇ
260 _aਅੰਮ੍ਰਿਤਸਰ
_bਵਾਰਿਸ Fਾਹ ਭਾਰਤ
_c2014
300 _a128ਪੰ
_ccm.
650 _aਪੰਜਾਬੀ ਸਾਹਿਤ
942 _hO153,1L53:g, Q4
_cTEXL
_2cc
999 _c1024481
_d1024481